Southville International School and Colleges
Your cart is empty.
  • Cart
  • Lists
    Public lists Eva Luna New books Lux_list list_1
    Your lists Log in to create your own lists
  • Log in to your account
  • Your cookies
  • Search history
Southville International School and Colleges
  • Advanced search
  • Recent comments
  • Most popular
  • Libraries

Log in to your account

Log in with GOOGLE


If you do not have an external account, but do have a local account, you can still log in:

  1. Home
  2. MARC view: Interdisciplinary mentoring in science :
Normal view MARC view ISBD view

Interdisciplinary mentoring in science : (Record no. 284482)

[ view plain ]
MARC details
000 -LEADER
fixed length control field 02136cam a22002775i 4500
001 - CONTROL NUMBER
control field 18125141
003 - CONTROL NUMBER IDENTIFIER
control field PILC
005 - DATE AND TIME OF LATEST TRANSACTION
control field 20160318083123.0
008 - FIXED-LENGTH DATA ELEMENTS--GENERAL INFORMATION
fixed length control field 140423s2014 enk b 001 0 eng
010 ## - LIBRARY OF CONGRESS CONTROL NUMBER
LC control number 2013444928
020 ## - INTERNATIONAL STANDARD BOOK NUMBER
International Standard Book Number 9780124159624
020 ## - INTERNATIONAL STANDARD BOOK NUMBER
International Standard Book Number 0124159621
040 ## - CATALOGING SOURCE
Original cataloging agency DLC
Language of cataloging eng
Transcribing agency DLC
Description conventions rda
042 ## - AUTHENTICATION CODE
Authentication code pcc
050 ## - LIBRARY OF CONGRESS CALL NUMBER
Classification number BF 637.M45
Item number .Ol48 2014
100 1# - MAIN ENTRY--PERSONAL NAME
Personal name Olivero, Ofelia A.
245 10 - TITLE STATEMENT
Title Interdisciplinary mentoring in science :
Remainder of title strategies for success /
Statement of responsibility, etc Ofelia A. Olivero.
260 ## - PUBLICATION, DISTRIBUTION, ETC. (IMPRINT)
Place of publication, distribution, etc Boston :
Name of publisher, distributor, etc Elsevier,
Date of publication, distribution, etc 2014.
300 ## - PHYSICAL DESCRIPTION
Extent xiii, 182 pages :
Dimensions 23 cm.
Other physical details illustrations ;
500 ## - GENERAL NOTE
General note Includes bibliographical references and index.
520 ## - SUMMARY, ETC.
Summary, etc Interdisciplinary Mentoring in Science: Strategies for Success is a practical and engaging resource on interdisciplinary mentoring in all fields of science. This book outlines what successful mentoring is, what it is not and how these important concepts relate to scientists today. Chapters include real-world examples, tips, and interviews and content is backed by current evidence and research. This reference discusses the benefits and challenges of building a mentoring relationship and highlights noteworthy topics such as mentoring minorities and women and mentoring to achieve change. The book's author is the recipient of the Leading Diversity Award from the National Cancer Institute. The goal of this book is to provide readers with a better understanding of the mentoring relationship and the overall process as it applies to the increasingly interdisciplinary field of science. Highlights mistaken beliefs about mentoring within a scientific environment. Written in a conversational tone and supported by evidence-based researchFocuses on interdisciplinary mentoring in science and the modern dynamic of science and new scientific approaches to complex approaches. Includes note sections where readers can write down key topics or ideas from each chapter.
650 #0 - SUBJECT ADDED ENTRY--TOPICAL TERM
Topical term or geographic name as entry element Mentoring in science.
906 ## - LOCAL DATA ELEMENT F, LDF (RLIN)
a 0
b ibc
c origres
d 2
e ncip
f 20
g y-gencatlg
942 ## - ADDED ENTRY ELEMENTS (KOHA)
Source of classification or shelving scheme Library of Congress Classification
Koha item type Books
Call number prefix Foreign
Holdings
Withdrawn status Lost status Source of classification or shelving scheme Damaged status Home library Current library Shelving location Date acquired Source of acquisition Sub Shelving location Total Checkouts Full call number Barcode Date last seen Price effective from Koha item type
    Library of Congress Classification   College Library College Library Reserve Section 05/28/2015 Library Fund     BF 637.M45 .Ol48 2014 C19408 05/15/2018 05/28/2015 Books

Interdisciplinary mentoring in science :

APA

Olivero O. A., . (2014). Interdisciplinary mentoring in science. Boston: Elsevier.

Chicago

Olivero Ofelia A, . 2014. Interdisciplinary mentoring in science. Boston: Elsevier.

Harvard

Olivero O. A., . (2014). Interdisciplinary mentoring in science. Boston: Elsevier.

MLA

Olivero Ofelia A, . Interdisciplinary mentoring in science. Boston: Elsevier. 2014.

  • Place hold
  • Print
  • Cite
  • Add to your cart (remove)
  • Save record
    BIBTEX Dublin Core MARCXML MARC (non-Unicode/MARC-8) MARC (Unicode/UTF-8) MARC (Unicode/UTF-8, Standard) MODS (XML) RIS
  • More searches
    Search for this title in:
    Other Libraries (WorldCat) Other Databases (Google Scholar) Online Stores (Bookfinder.com) Open Library (openlibrary.org)

Exporting to Dublin Core...

SOUTHVILLE LIBRARY

Southville International School and Colleges Library

1281 Tropical Ave. Cor. Luxembourg St., BF Homes International, Las Pinas City

Tel. No. 8256374 / 252358 Loc. 117/146

Powered by Koha